| 000 | 00848naa a2200193 a 4500 | ||
|---|---|---|---|
| 001 | 81736 | ||
| 003 | BD-RjUL | ||
| 005 | 20230822102707.0 | ||
| 008 | 230822s1987 ii ||||| |||| 00| 0 ara d | ||
| 035 | _a(BD-RjUL)81736 | ||
| 040 |
_aBD-RjUL _beng _cBD-RjUL |
||
| 041 | _aeng | ||
| 082 |
_223 _a297.64 _bNAN 1987 |
||
| 245 | 1 | 4 |
_aالنبي الخاتم والدين الكامل وما لهما من أهمية في تاريخ الأديان والملل ;; alnabiu alkhatam waldiyn alkamil wama lahuma min 'ah /amiyat fi tarikh al'adyan walmalal _cAbu Al-Hassan Ali Al-Hasani Al-Nadawi ;; أبو الحسن علي الحسني الندوي |
| 260 |
_a: لكنؤ، الهند _b,ك لالمجمع الإسلامي العلمي،، _c1987 |
||
| 300 |
_a45 p. ; _c17 cm |
||
| 650 |
_aالسيرة النبوية _93943 |
||
| 942 |
_2ddc _cBK |
||
| 999 |
_c81736 _d81736 |
||